| 000 | 00439nam a2200193Ia 4500 | ||
|---|---|---|---|
| 005 | 20240823025335.0 | ||
| 008 | 240823s9999||||xx |||||||||||||| ||und|| | ||
| 020 | _a978-81-259-3935-1 | ||
| 041 | _aENGLISH | ||
| 082 | _A551 Q0 | ||
| 100 | _aReddy D V | ||
| 245 | 0 | _aApplied Geology | |
| 250 | _a1st | ||
| 260 |
_c2010 _bVikas Publishing New Delhi |
||
| 500 | _aYES | ||
| 650 |
_aGeology _bGeneral |
||
| 942 | _cBK | ||
| 999 |
_c186083 _d186083 |
||